|
|
|
|
| LEADER |
00000nam a2200000 a 4500 |
| 001 |
vtls001420563 |
| 003 |
SK-MaSNL |
| 005 |
20260301072307.0 |
| 008 |
240315s1959 xx 0 und |
| 035 |
|
|
|a SNK000375397
|
| 040 |
|
|
|a SNK
|b slo
|c SNK
|e AACR2
|
| 100 |
1 |
|
|a Schmitt, Alojz
|4 aut
|9 291375
|
| 245 |
1 |
|
|a Prípravné prstové cvičenia op.16
|
| 260 |
|
|
|a Bratislava
|b SVKL
|c 1959
|
| 300 |
|
|
|a 16 s.
|
| 999 |
|
|
|c 640608
|d 642538
|
| 952 |
|
|
|t P60, <04>, [BOOK], {604}
|a SNK
|b SNK
|y VYP
|7 0
|p 17A0315796
|o snkHB 3362 D1
|0 0
|1 0
|4 0
|d 2001-09-14
|l 0
|r 2005-01-02 00:00:00
|w 2026-02-23
|
| 952 |
|
|
|t P60, <04>, [BOOK], {604}
|a SNK
|b SNK
|y VYP
|7 0
|p 17A0315689
|o snkHB 3362
|0 0
|1 0
|4 0
|d 2001-09-14
|l 0
|r 2005-01-02 00:00:00
|w 2026-02-23
|